000 00623nam a2200229Ia 4500
003 OSt
005 20221007081957.0
006 a|||||r|||| 00| 0
007 ta
008 221006b |||||||| |||| 00| 0 eng d
024 _a648
037 _cTextual
040 _aFLL
_cFLL
_beng
041 _2eng
_aeng
082 _aX:517:(Z73), M0
100 _aNeale A.D.
_9248318
245 0 _aAntitrust law of the U.S.A
260 _aSydney
_bCambridge University Press New York
_c1980
700 _a Goyder D.G
942 _hX:517:(Z73), M0
_cTEXL
_2CC
999 _c1164918
_d1164918